|
|
|
|
| LEADER |
00000cam a2200000 7i4500 |
| 001 |
0000086607 |
| 005 |
20110609.0 |
| 008 |
110609 cn |
| 020 |
|
|
|a 9789831471008
|
| 090 |
0 |
0 |
|a JFC SIR
|
| 245 |
1 |
0 |
|a Koo Er Liew Lang Chi
|
| 260 |
|
|
|a Kuala Lumpur :
|b Penerbit Sinar Suria ,
|c 2000
|
| 300 |
|
|
|a 152 p. ;
|c 22 cm.
|
| 650 |
0 |
0 |
|a Junior fiction
|x Bahasa Cina
|
| 999 |
|
|
|a 0000108645
|b Buku
|c Koleksi Pinjaman Kanak-Kanak
|e Perbadanan Perpustakaan Awam Melaka
|
| 999 |
|
|
|a 0000108646
|b Buku
|c Koleksi Pinjaman Kanak-Kanak
|e PK Aeon Jaya Jusco
|
| 999 |
|
|
|a 0000108647
|b Buku
|c Koleksi Pinjaman Kanak-Kanak
|e Perbadanan Perpustakaan Awam Melaka
|